TULANAMULOK SARKAR (Record no. 14351)
[ view plain ]
| 000 -LEADER | |
|---|---|
| fixed length control field | 00436cam a2200169ua 4500 |
| 005 - DATE AND TIME OF LATEST TRANSACTION | |
| control field | 20230528084630.0 |
| 008 - FIXED-LENGTH DATA ELEMENTS--GENERAL INFORMATION | |
| fixed length control field | 181109n II |||gr||||Z||||||eng |
| 040 ## - CATALOGING SOURCE | |
| Original cataloging agency | MAIN |
| Transcribing agency | |
| 100 ## - MAIN ENTRY--PERSONAL NAME | |
| Personal name | DAS, MRIGEN. |
| 245 ## - TITLE STATEMENT | |
| Title | TULANAMULOK SARKAR |
| 260 ## - PUBLICATION, DISTRIBUTION, ETC. | |
| Place of publication, distribution, etc. | DIBRUGARH: |
| Name of publisher, distributor, etc. | STUDENT EMPORIUM, |
| Date of publication, distribution, etc. | 2002. |
| 300 ## - PHYSICAL DESCRIPTION | |
| Extent | 630: |
| Dimensions | 25CM. |
| 700 ## - ADDED ENTRY--PERSONAL NAME | |
| Personal name | LAHON, THANESWAR. |
| 700 ## - ADDED ENTRY--PERSONAL NAME | |
| Personal name | SAHU, NANDA KUMAR. |
| 942 ## - ADDED ENTRY ELEMENTS (KOHA) | |
| Koha item type | Books |
| Source of classification or shelving scheme | Dewey Decimal Classification |
| 653 ## - INDEX TERM--UNCONTROLLED | |
| Uncontrolled term | COMPARATIVE GOVERNMENT |
| Withdrawn status | Lost status | Source of classification or shelving scheme | Damaged status | Not for loan | Collection code | Home library | Current library | Shelving location | Date acquired | Total Checkouts | Full call number | Barcode | Date last seen | Date last checked out | Price effective from | Koha item type | Public note |
|---|---|---|---|---|---|---|---|---|---|---|---|---|---|---|---|---|---|
| Dewey Decimal Classification | TBPSC | Central Library and Information Centre Sibsagar Girls College | Central Library and Information Centre Sibsagar Girls College | POLITICAL SC BOOK RACK | 14.03.2005 | 1 | 320.3 DAS | 19340 | 25.03.2025 | 07.03.2025 | 28.05.2023 | Books | V | ||||
| Dewey Decimal Classification | TBPSC | Central Library and Information Centre Sibsagar Girls College | Central Library and Information Centre Sibsagar Girls College | 14.03.2005 | 320.3 DAS | 19341 | 28.05.2023 | 28.05.2023 | Books | ||||||||
| Dewey Decimal Classification | TBPSC | Central Library and Information Centre Sibsagar Girls College | Central Library and Information Centre Sibsagar Girls College | 14.03.2005 | 320.3 DAS | 19342 | 28.05.2023 | 28.05.2023 | Books |